[Event "Skilling Open Prelim"]
[Site "chess24.com INT"]
[Date "2020.11.22"]
[Round "4.4"]
[White "Aronian, Levon"]
[Black "Svidler, Peter"]
[Result "1/2-1/2"]
[WhiteTitle "GM"]
[BlackTitle "GM"]
[WhiteElo "2781"]
[BlackElo "2723"]
[WhiteFideId "13300474"]
[BlackFideId "4102142"]
[EventDate "2020.11.22"]

1. e4 c5 2. Nf3 d6 3. d4 cxd4 4. Qxd4 Nc6 5. Qe3 g6 6. Bc4 Bg7 7. h3 Nf6 8. Nc3
O-O 9. O-O Na5 10. Bb3 b6 11. Rd1 Nxb3 12. axb3 Qc7 13. Qf4 Bb7 14. Qh4 b5 15.
Bg5 b4 16. Nb5 Qxc2 17. Nxd6 exd6 18. Bxf6 Qxe4 19. Qxe4 Bxe4 20. Bxg7 Kxg7 21.
Ne1 a5 22. Rxd6 Rfd8 23. Rxd8 Rxd8 24. f3 Bf5 25. Rxa5 Rd2 26. Rb5 Rxb2 27. Rxb4
Be6 28. Nd3 Rxb3 29. Rxb3 Bxb3 30. h4 h6 31. Kf2 g5 32. hxg5 hxg5 33. f4 Bd5 34.
fxg5 Bxg2 35. Kxg2 Kg6 36. Ne5+ Kxg5 37. Nxf7+ 1/2-1/2

[Event "Skilling Open Prelim"]
[Site "chess24.com INT"]
[Date "2020.11.22"]
[Round "4.5"]
[White "Duda, Jan-Krzysztof"]
[Black "So, Wesley"]
[Result "0-1"]
[WhiteTitle "GM"]
[BlackTitle "GM"]
[WhiteElo "2743"]
[BlackElo "2770"]
[WhiteFideId "1170546"]
[BlackFideId "5202213"]
[EventDate "2020.11.22"]

1. d4 Nf6 2. c4 e6 3. Nf3 d5 4. Nc3 Be7 5. Bf4 O-O 6. e3 Nbd7 7. c5 Nh5 8. Bd3
Nxf4 9. exf4 b6 10. b4 a5 11. a3 c6 12. O-O Ba6 13. g3 Bf6 14. Qe2 Bxd3 15. Qxd3
Ra7 16. Ra2 Qa8 17. Rfa1 Rb8 18. Qc2 Rab7 19. Kg2 bxc5 20. bxc5 Qa6 21. Na4 Rb5
22. Re1 Qb7 23. f5 Nf8 24. g4 Qc7 25. h3 h6 26. Nc3 R5b7 27. Re3 exf5 28. gxf5
Bg5 29. Nxg5 hxg5 30. Qd1 Qf4 31. Qg4 g6 32. Rg3 Rb2 33. Rxb2 Rxb2 34. Qxf4 gxf4
35. Rf3 gxf5 36. Na4 Rd2 37. Nb6 Rxd4 38. Nc8 Ng6 39. Rb3 Kg7 40. Nd6 Nh4+ 41.
Kf1 f3 42. Rb1 Rd3 43. a4 Rc3 44. Nb7 Ng6 45. Nxa5 Ne5 46. Nb3 Nd3 47. a5 Rc2
48. a6 Rxf2+ 49. Kg1 Rg2+ 50. Kf1 Rf2+ 51. Kg1 Rg2+ 52. Kf1 Nf4 53. a7 Nxh3 54.
Ke1 Rg1+ 55. Kd2 Rxb1 56. a8=Q f2 57. Qb8 f1=Q 58. Qe5+ Kh7 0-1

[Event "Skilling Open Prelim"]
[Site "chess24.com INT"]
[Date "2020.11.22"]
[Round "4.6"]
[White "Ding, Liren"]
[Black "Vidit, Santosh Gujrathi"]
[Result "1/2-1/2"]
[WhiteTitle "GM"]
[BlackTitle "GM"]
[WhiteElo "2791"]
[BlackElo "2726"]
[WhiteFideId "8603677"]
[BlackFideId "5029465"]
[EventDate "2020.11.22"]

1. e4 e5 2. Nf3 Nc6 3. Bb5 a6 4. Ba4 Nf6 5. Bxc6 dxc6 6. d3 Bd6 7. Nbd2 Be6 8.
b3 Nd7 9. Nf1 a5 10. a4 Bg4 11. Ne3 Bb4+ 12. Kf1 Bxf3 13. Qxf3 Bc3 14. Rb1 Qf6
15. Qxf6 Nxf6 16. Ke2 Nd7 17. Bd2 Bxd2 18. Kxd2 Nc5 19. g3 O-O-O 20. Kc3 b6 21.
f4 exf4 22. gxf4 Ne6 23. f5 Nd4 24. Rbf1 Rd7 25. Rf2 c5 26. h4 g6 27. Rg1 Re8
28. h5 Rd6 29. Rgg2 Nc6 30. fxg6 fxg6 31. Rf7 Re7 32. Rf8+ Kb7 33. Nd5 Red7 34.
Nf6 Rd8 35. Rxd8 Nxd8 36. hxg6 hxg6 37. Nd5 Nf7 38. Rf2 Ne5 39. Rf8 Rd7 40. Re8
Nf3 41. Rf8 Ne5 42. Re8 Nf3 43. Rf8 Nd4 44. Rg8 Rh7 45. Rxg6 Rh2 46. Ne3 Re2 47.
Rg3 Kc6 48. Rh3 Kd7 49. Kb2 Kc6 50. Kc1 Rf2 51. Kd1 Kb7 52. Rh7 Kc6 53. Rg7 Rh2
54. Rg6+ Kd7 55. Rg2 Rh1+ 56. Kd2 Nf3+ 57. Kc3 Nd4 58. Nd5 Ne6 59. Rf2 Rc1 60.
Rh2 Rf1 61. Kc4 Rc1 62. c3 Kd6 63. Rh6 Kd7 64. Rh7+ Kd6 65. e5+ Kxe5 66. Nxc7
Nxc7 67. Rxc7 Kd6 68. Rh7 Kc6 69. Rh2 Kc7 70. Rh4 Kc6 71. Rh6+ Kc7 72. Rg6 Rc2
73. Rg5 Rc1 74. d4 cxd4 75. Kxd4 Rb1 76. Kc4 Kc6 77. Rg6+ Kb7 78. b4 axb4 79.
cxb4 Rh1 80. Rg7+ Kc6 81. b5+ Kd6 82. Rb7 Rh4+ 83. Kb3 Rh3+ 84. Kb4 Rh4+ 85. Kb3
Rh3+ 86. Kb4 Rh4+ 87. Kb3 1/2-1/2

[Event "Skilling Open Prelim"]
[Site "chess24.com INT"]
[Date "2020.11.22"]
[Round "4.7"]
[White "Giri, Anish"]
[Black "Le, Quang Liem"]
[Result "1-0"]
[WhiteTitle "GM"]
[BlackTitle "GM"]
[WhiteElo "2764"]
[BlackElo "2709"]
[WhiteFideId "24116068"]
[BlackFideId "12401137"]
[EventDate "2020.11.22"]

1. d4 Nf6 2. c4 e6 3. Nf3 d5 4. Nc3 c5 5. cxd5 cxd4 6. Qxd4 exd5 7. e4 dxe4 8.
Qxd8+ Kxd8 9. Ng5 Be6 10. Nxe6+ fxe6 11. Bd2 Nc6 12. O-O-O Ke8 13. Bb5 Rc8 14.
Rhe1 Kf7 15. Kb1 Nd4 16. Bf1 Be7 17. Nxe4 Nxe4 18. Rxe4 Rhd8 19. Rc1 Rxc1+ 20.
Bxc1 Bf6 21. Re1 a6 22. Rd1 Nc6 23. Rxd8 Bxd8 24. Be3 Bf6 25. Bd2 Ke7 26. Bd3 h6
27. Be4 Kd6 28. Kc2 b6 29. b4 b5 30. a3 Kc7 31. f4 Nd8 32. Bg6 e5 33. Be4 exf4
34. Bxf4+ Kd7 35. Bf5+ Kc6 36. Bc8 Nb7 37. Kb3 Bd4 38. a4 bxa4+ 39. Kxa4 Kb6 40.
Kb3 Kc6 41. h4 Kb6 42. h5 Bf6 43. Bh2 Nd8 44. Bg1+ Kc7 45. Bxa6 Ne6 46. Kc4 Nf4
47. g4 Be5 48. b5 g6 49. hxg6 Nxg6 50. Kd5 Bg3 51. b6+ Kb8 52. Ke4 Ne5 53. Kf5
Nf3 54. Be3 Nh4+ 55. Ke4 Ng6 56. Bxh6 Bf2 57. Be3 Bxe3 58. Kxe3 Ne5 59. g5 Nd7
60. b7 Ka7 61. g6 1-0

[Event "Skilling Open Prelim"]
[Site "chess24.com INT"]
[Date "2020.11.22"]
[Round "5.2"]
[White "Le, Quang Liem"]
[Black "Karjakin, Sergey"]
[Result "1-0"]
[WhiteTitle "GM"]
[BlackTitle "GM"]
[WhiteElo "2709"]
[BlackElo "2752"]
[WhiteFideId "12401137"]
[BlackFideId "14109603"]
[EventDate "2020.11.22"]

1. e4 c5 2. Nf3 d6 3. d4 cxd4 4. Nxd4 Nf6 5. Nc3 Nc6 6. Bg5 e6 7. Qd2 a6 8.
O-O-O Bd7 9. f3 Nxd4 10. Qxd4 Be7 11. h4 h6 12. Be3 h5 13. Bg5 Qc7 14. Kb1 b5
15. Qd2 b4 16. Ne2 a5 17. Nf4 Rb8 18. Rc1 a4 19. c4 bxc3 20. Rxc3 Qb6 21. Bc4
Bc6 22. Qc2 Bd7 23. Rd1 g6 24. Nd3 d5 25. Ne5 Rd8 26. exd5 exd5 27. Nxd7 Rxd7
28. Bxd5 Kf8 29. Rc8+ Kg7 30. Rxh8 Kxh8 31. Bxf7 Rxd1+ 32. Qxd1 Kg7 33. Bc4 a3
34. Qe2 Bb4 35. Qe5 axb2 36. Be3 Qd8 37. Bd4 Bd6 38. Qd5 Qf8 39. Qe6 Be7 40. a4
Qd8 41. Qd5 Qe8 42. Bb3 Kh8 43. Bxb2 Kh7 44. Qf7+ Qxf7 45. Bxf7 Nd7 46. a5 Bxh4
47. Bd4 Nb8 48. Be8 Bd8 49. Bb5 Bxa5 50. Be5 1-0

[Event "Skilling Open Prelim"]
[Site "chess24.com INT"]
[Date "2020.11.22"]
[Round "5.3"]
[White "Vidit, Santosh Gujrathi"]
[Black "Giri, Anish"]
[Result "0-1"]
[WhiteTitle "GM"]
[BlackTitle "GM"]
[WhiteElo "2726"]
[BlackElo "2764"]
[WhiteFideId "5029465"]
[BlackFideId "24116068"]
[EventDate "2020.11.22"]

1. d4 Nf6 2. c4 g6 3. Nc3 d5 4. cxd5 Nxd5 5. e4 Nxc3 6. bxc3 Bg7 7. Nf3 c5 8.
Be3 Qa5 9. Qd2 Nc6 10. Rb1 a6 11. Rc1 cxd4 12. cxd4 Qxd2+ 13. Kxd2 e6 14. h4 O-O
15. Bd3 h6 16. Rb1 Rd8 17. e5 b5 18. Rhc1 Bd7 19. Be4 Rac8 20. Ke1 Na5 21. Nd2
Bc6 22. f3 Bf8 23. Ke2 Kg7 24. Nb3 Nc4 25. Nd2 Na5 26. Kd1 Be7 27. g3 f6 28. Ke2
fxe5 29. dxe5 Ba3 30. Rd1 Bxe4 31. Nxe4 Rc2+ 32. Kf1 Rd5 33. Rxd5 exd5 34. Nf6
Nc4 35. Bf4 g5 36. hxg5 hxg5 37. Bxg5 Nxe5 38. Rb3 Bc5 39. f4 Rf2+ 40. Ke1 Nf3+
41. Kd1 Nxg5 42. fxg5 Be7 43. Nxd5 Bxg5 44. Nb4 Rd2+ 45. Ke1 a5 46. Nc6 Rxa2 47.
Rxb5 Bf6 48. Nxa5 Bc3+ 49. Kd1 Bxa5 50. Rb7+ Kf6 51. Ra7 Ke5 52. g4 Kd4 53. g5
Kd3 54. Rd7+ Kc4 55. Ra7 Kb5 56. g6 Rd2+ 57. Kc1 Rg2 58. g7 Bc3 59. g8=Q Rxg8
60. Kc2 Bd4 61. Rc7 Rg3 62. Rc8 Bc5 63. Kd2 Kc4 64. Ke2 Ra3 65. Rc7 Kd5 66. Rc8
Kc4 67. Rc7 Kd4 68. Rc8 Be7 69. Rc2 Bf6 70. Rd2+ Ke4 71. Kf1 Bd4 72. Ke2 Bc3 73.
Rc2 Be5 74. Rc4+ Bd4 75. Rc2 Bc3 76. Kd1 Kf3 77. Rc1 Ke3 78. Kc2 Kd4 79. Rd1+
Kc4 80. Rd8 Ra2+ 81. Kb1 Rh2 82. Kc1 Bd4 83. Kd1 Kd3 84. Re8 Rb2 85. Rc8 Bb6 86.
Rc6 Be3 87. Rd6+ Bd4 88. Rc6 Rg2 89. Re6 Rd2+ 90. Ke1 Rb2 91. Kf1 Rf2+ 92. Ke1
Rf5 93. Rd6 Rg5 0-1

[Event "Skilling Open Prelim"]
[Site "chess24.com INT"]
[Date "2020.11.22"]
[Round "5.4"]
[White "So, Wesley"]
[Black "Ding, Liren"]
[Result "1/2-1/2"]
[WhiteTitle "GM"]
[BlackTitle "GM"]
[WhiteElo "2770"]
[BlackElo "2791"]
[WhiteFideId "5202213"]
[BlackFideId "8603677"]
[EventDate "2020.11.22"]

1. d4 Nf6 2. c4 e6 3. Nc3 Bb4 4. Qc2 O-O 5. e4 d5 6. e5 Ne4 7. Nf3 c5 8. Bd3
cxd4 9. Nxd4 Nd7 10. Bf4 Qh4 11. g3 Qh5 12. O-O g5 13. cxd5 Bxc3 14. bxc3 exd5
15. Be3 Nxe5 16. f3 Nc5 17. Bf5 Ne6 18. g4 Qh6 19. Rae1 Nxd4 20. Bxd4 Nc6 21.
Bc5 Rd8 22. Be7 Nxe7 23. Rxe7 Bxf5 24. Qxf5 Qg6 25. Qxg6+ hxg6 26. f4 d4 27.
fxg5 dxc3 28. Rfxf7 c2 29. Rg7+ Kh8 30. Rh7+ Kg8 31. Reg7+ Kf8 32. Rc7 Kg8 33.
Rhg7+ Kh8 34. Rh7+ Kg8 35. Rhg7+ Kh8 36. Rh7+ Kg8 1/2-1/2

[Event "Skilling Open Prelim"]
[Site "chess24.com INT"]
[Date "2020.11.22"]
[Round "5.5"]
[White "Svidler, Peter"]
[Black "Duda, Jan-Krzysztof"]
[Result "1/2-1/2"]
[WhiteTitle "GM"]
[BlackTitle "GM"]
[WhiteElo "2723"]
[BlackElo "2743"]
[WhiteFideId "4102142"]
[BlackFideId "1170546"]
[EventDate "2020.11.22"]

1. Nf3 d5 2. g3 g6 3. Bg2 Bg7 4. d4 Nf6 5. O-O O-O 6. c4 c6 7. Qb3 Qb6 8. Nc3
Rd8 9. Rd1 Be6 10. c5 Qxb3 11. axb3 Na6 12. h3 Ne8 13. Bf4 f6 14. g4 g5 15. Bg3
Bf7 16. e3 h5 17. Rxa6 bxa6 18. Ra1 hxg4 19. hxg4 Be6 20. Ne1 Bxg4 21. Nd3 Bd7
22. Rxa6 e6 23. b4 Rdc8 24. b5 cxb5 25. e4 dxe4 26. Bxe4 f5 27. Bxa8 Rxa8 28.
Be5 Bc8 29. Ra5 Bb7 30. Bxg7 Kxg7 31. Ne5 a6 32. c6 Bc8 33. Nxb5 Rb8 34. Na7 Nc7
35. Ra3 Ra8 36. Nxc8 Rxc8 37. Rg3 g4 38. f3 Nb5 39. fxg4 Nxd4 40. Rd3 Nxc6 41.
Rc3 Ne7 42. Rxc8 Nxc8 43. gxf5 Kf6 44. Nd7+ Kxf5 45. b4 e5 46. Nc5 e4 47. Kf2
Nb6 48. Nxa6 e3+ 49. Kxe3 Nd5+ 50. Kd4 Nxb4 51. Nxb4 1/2-1/2

[Event "Skilling Open Prelim"]
[Site "chess24.com INT"]
[Date "2020.11.22"]
[Round "5.7"]
[White "Carlsen, Magnus"]
[Black "Firouzja, Alireza"]
[Result "1-0"]
[WhiteTitle "GM"]
[BlackTitle "GM"]
[WhiteElo "2862"]
[BlackElo "2749"]
[WhiteFideId "1503014"]
[BlackFideId "12573981"]
[EventDate "2020.11.22"]

1. d4 Nf6 2. c4 e6 3. Nc3 d5 4. cxd5 exd5 5. Bg5 c6 6. e3 h6 7. Bh4 Be7 8. Bd3
O-O 9. Bg3 Nbd7 10. h3 Re8 11. Nf3 Bb4 12. Qb3 c5 13. O-O Bxc3 14. Qxc3 c4 15.
Bc2 a5 16. a4 Qb6 17. b3 Ne4 18. Bxe4 dxe4 19. Nd2 cxb3 20. Rfb1 Qg6 21. Rxb3
Nf6 22. Rb5 Be6 23. Rxa5 Nd5 24. Rxa8 Rxa8 25. Qb3 b6 26. Kh2 h5 27. Qb5 Rc8 28.
a5 bxa5 29. Rxa5 Kh7 30. Qb1 Nc3 31. Qb7 Bf5 32. Rc5 Rxc5 33. dxc5 Ne2 34. Qd5
Qe6 35. Qxe6 Bxe6 36. Nxe4 Bd5 37. Nd6 Nc3 38. f3 f6 39. e4 Bc6 40. Nf5 Nb5 41.
Ne7 Be8 42. c6 Na7 43. c7 Bd7 44. Bf2 Nc8 45. Nd5 Kg8 46. g4 hxg4 47. hxg4 Kf7
48. Bc5 Bc6 49. f4 Bb5 50. f5 Bd3 51. Nb6 Nxb6 52. Bxb6 Ba6 53. Bd4 g6 54. Kg3
gxf5 55. exf5 Ke7 56. Kf4 Kd7 57. Bxf6 Kxc7 58. g5 Kd7 59. g6 Ke8 60. Kg5 Kf8
61. Bc3 Bc4 62. f6 Kg8 63. Bb4 Bb3 64. Kf4 1-0

[Event "Skilling Open Prelim"]
[Site "chess24.com INT"]
[Date "2020.11.22"]
[Round "5.8"]
[White "Radjabov, Teimour"]
[Black "Anton Guijarro, David"]
[Result "0-1"]
[WhiteTitle "GM"]
[BlackTitle "GM"]
[WhiteElo "2765"]
[BlackElo "2675"]
[WhiteFideId "13400924"]
[BlackFideId "2285525"]
[EventDate "2020.11.22"]

1. d4 Nf6 2. c4 e6 3. Nf3 d5 4. Nc3 Bb4 5. Bg5 dxc4 6. Qa4+ Nc6 7. e3 Bd7 8. Qc2
b5 9. Be2 a6 10. a3 Be7 11. e4 O-O 12. Rd1 Re8 13. h4 Ng4 14. Bf4 e5 15. Nxe5
Ngxe5 16. dxe5 Bf8 17. Qd2 Be6 18. Qe3 Qe7 19. O-O Qc5 20. Qg3 Rad8 21. h5 Nd4
22. Bg4 Bxg4 23. Qxg4 c6 24. Bg5 Be7 25. Be3 Qxe5 26. f4 Qe6 27. f5 Qe5 28. Bf4
Qc5 29. Kh1 Bf6 30. e5 Bxe5 31. Ne4 Qd5 32. Bg5 Rd6 33. Nc3 Qc5 34. Ne4 Qd5 35.
Be3 c5 36. f6 g6 37. hxg6 hxg6 38. Nxd6 Qxd6 39. Bh6 Bxf6 40. Qf3 Re6 41. Qa8+
Kh7 42. Bf4 Qd7 43. Rfe1 Rxe1+ 44. Rxe1 Qg4 45. Bh2 Nf5 46. Qf8 Nh6 47. Qxc5
Bxb2 48. Qd6 Bg7 49. Qxa6 Qh4 50. g3 Qh5 51. Qc6 Ng4 52. Re2 Qf5 53. Bg1 Qd3 54.
Qg2 f5 55. Re7 Nf6 56. Qb7 Nh5 57. Bf2 Qf1+ 0-1